000 00924nam a2200253Ia 4500
001 23760
003 GE_BSU
008 181216s||||||||xx |||||||||||||| ||und||
020 _a5520014329
040 _cGE_BSU
080 _a821.134.2(861)-32
100 _aგარსია მარკესი, გაბრიელ
245 _aგამოცხადებული სიკვდილის ქრონიკა
245 _bმოთხრობა
245 _cესპ. თარგმნა ელზა ახვლედიანმა. რედ. ლ. გოგოხია
260 _aთბილისი
260 _bმეცნიერება
260 _c1991
300 _a80გვ. ; 20სმ.
541 _h5 ლ.
653 _aგამოცხადებული სიკვდილის ქრონიკა
653 _aმოთხრობა
942 _cBK
999 _c56638
_d56638